| 000 | 00473nam a22001817a 4500 | ||
|---|---|---|---|
| 003 | OSt | ||
| 005 | 20260308190957.0 | ||
| 008 | 260308b |||||||| |||| 00| 0 eng d | ||
| 020 | _a9781398504127 | ||
| 082 |
_a338.47 _bMILC |
||
| 100 | _aMiller,Chris | ||
| 245 | _aChip War :The fight for the world 's most critical technology | ||
| 260 |
_aLondon _bSimon & Schuster _c2022 |
||
| 300 | _a431p | ||
| 546 | _aEnglish | ||
| 650 | _aEconomics : Production | ||
| 942 |
_2ddc _cBK |
||
| 999 |
_c3957 _d3957 |
||